Welcome to the Holygrace Academy Library

Please use search bar below to get started

MY STORY (Record no. 3011)

MARC details
000 -LEADER
fixed length control field 00629nam a22001457a 4500
020 ## - INTERNATIONAL STANDARD BOOK NUMBER
ISBN 978-81-7223-897-1
082 ## - DEWEY DECIMAL CLASSIFICATION NUMBER
Classification number 920
Item number DAS/M
100 ## - MAIN ENTRY--AUTHOR NAME
Personal name DAS, KAMALA
245 ## - TITLE STATEMENT
Title MY STORY
260 ## - PUBLICATION, DISTRIBUTION, ETC. (IMPRINT)
Place of publication NOIDA
Name of publisher HARPER COLLINS PUBLISHERS
300 ## - PHYSICAL DESCRIPTION
Number of Pages 211
520 ## - SUMMARY, ETC.
Summary, etc The book, with 50 chapters, follows Aami's (Kamala) life from age four through British colonial and missionary schools in Calcutta where she had to face racist discrimination; through the brutal and indulgent relationship with her husband; through her sexual awakening; her literary career; extramarital affairs; the ...
650 ## - SUBJECT ADDED ENTRY--TOPICAL TERM
Topical Term AUTOBIOGRAPHY
Geographic subdivision INDIA
942 ## - ADDED ENTRY ELEMENTS (KOHA)
Koha item type Books
Holdings
Withdrawn status Lost status Collection code Home library Current library Shelving location Date acquired Source of acquisition Cost, normal purchase price Full call number Accession Number Koha item type
    Non-fiction Main Library Main Library SHELF-14D- ALPHABETICAL -D--ENGLISH NOVELS & FICTIONS 01/11/2019 purchase 299.00 920 DAS/M 11869 Books